The noble scholar, jurist, historian


 His Excellency Dr. Abdul Wahhab bin Ibrahim Abu Sulaiman, may Allah have mercy on him.


 He was born in Umm Al-Qura in the year 1356 AH.

قوت الحبيب الغريب : (Record no. 2014)

MARC details
000 -LEADER
fixed length control field 01756cam a2200361 i 4500
003 - CONTROL NUMBER IDENTIFIER
control field SA-RiAUC
005 - DATE AND TIME OF LATEST TRANSACTION
control field 20241103144352.0
008 - FIXED-LENGTH DATA ELEMENTS--GENERAL INFORMATION
fixed length control field 241103s1998 le g 000 0 ara c
040 ## - CATALOGING SOURCE
Original cataloging agency JO-AmJU
Language of cataloging ara
Transcribing agency SA-RiAUC
Description conventions rda
082 04 - DEWEY DECIMAL CLASSIFICATION NUMBER
Classification number 258.3
090 ## - LOCALLY ASSIGNED LC-TYPE CALL NUMBER (OCLC); LOCAL CALL NUMBER (RLIN)
Classification number (OCLC) (R) ; Classification number, CALL (RLIN) (NR) 258.3
Local cutter number (OCLC) ; Book number/undivided call number, CALL (RLIN) ن و و
100 1# - MAIN ENTRY--PERSONAL NAME
Personal name نووي الجاوي، محمد بن عمر بن عربي،
Dates associated with a name 1230-1316 هجري
Relator term مؤلف.
245 10 - TITLE STATEMENT
Title قوت الحبيب الغريب :
Remainder of title توشيح على فتح القريب المجيب شرح غاية التقريب /
Statement of responsibility, etc. لمحمد نووي بن عمر الجاوي ؛ تحقيق محمد عبد العزيز الخالدي.
250 ## - EDITION STATEMENT
Edition statement الطبعة الأولى.
264 #1 - PRODUCTION, PUBLICATION, DISTRIBUTION, MANUFACTURE, AND COPYRIGHT NOTICE
Place of production, publication, distribution, manufacture بيروت :
Name of producer, publisher, distributor, manufacturer دار الكتب العلمية،
Date of production, publication, distribution, manufacture, or copyright notice 1998
300 ## - PHYSICAL DESCRIPTION
Extent 480 صفحة ؛
Dimensions 24 سم
336 ## - CONTENT TYPE
Content type term نص
Content type code txt
Source rdacontent
Materials specified كتاب
337 ## - MEDIA TYPE
Media type term بدون وسيط
Media type code n
Source rdamedia
338 ## - CARRIER TYPE
Carrier type term مجلد
Carrier type code nc
Source rdacarrier
650 #7 - SUBJECT ADDED ENTRY--TOPICAL TERM
Topical term or geographic name entry element الفقه الشافعي
Source of heading or term aucsh
650 #7 - SUBJECT ADDED ENTRY--TOPICAL TERM
Topical term or geographic name entry element العبادات (فقه إسلامي)
Source of heading or term aucsh
700 1# - ADDED ENTRY--PERSONAL NAME
Personal name الخالدي، محمد عبد العزيز
Relator term محقق.
700 12 - ADDED ENTRY--PERSONAL NAME
Personal name الغزي، محمد بن قاسم بن محمد،
Dates associated with a name 859-918 هجري
700 12 - ADDED ENTRY--PERSONAL NAME
Personal name الأصفهاني، أحمد بن الحسين بن أحمد،
Dates associated with a name 533-593 هجري
Title of a work متن أبي شجاع.
700 12 - ADDED ENTRY--PERSONAL NAME
Personal name الأصفهاني، أحمد بن الحسين بن أحمد،
Dates associated with a name 533-593 هجري
Title of a work الغاية والتقريب.
740 02 - ADDED ENTRY--UNCONTROLLED RELATED/ANALYTICAL TITLE
Uncontrolled related/analytical title فتح القريب المجيب شرح غاية التقريب.
740 02 - ADDED ENTRY--UNCONTROLLED RELATED/ANALYTICAL TITLE
Uncontrolled related/analytical title شرح غاية التقريب.
740 02 - ADDED ENTRY--UNCONTROLLED RELATED/ANALYTICAL TITLE
Uncontrolled related/analytical title غاية الاختصار.
740 02 - ADDED ENTRY--UNCONTROLLED RELATED/ANALYTICAL TITLE
Uncontrolled related/analytical title متن ابي شجاع.
740 22 - ADDED ENTRY--UNCONTROLLED RELATED/ANALYTICAL TITLE
Uncontrolled related/analytical title الغاية والتقريب.
942 ## - ADDED ENTRY ELEMENTS (KOHA)
Source of classification or shelving scheme Dewey Decimal Classification
Koha item type Books
Suppress in OPAC No
949 ## - LOCAL PROCESSING INFORMATION (OCLC)
a SA-JeALM
d 241103
u eid123
n 1
Holdings
Withdrawn status Lost status Source of classification or shelving scheme Damaged status Not for loan Home library Current library Date acquired Total checkouts Full call number Barcode Date last seen Price effective from Koha item type
    Dewey Decimal Classification     DR AbdElwahab Library DR AbdElwahab Library 11/03/2024   258.3 ن و و 000003096 11/03/2024 11/03/2024 Books
    Dewey Decimal Classification     DR AbdElwahab Library DR AbdElwahab Library 11/03/2024   258.3 ن و و 000003097 11/03/2024 11/03/2024 Books